Top Dallas Mavericks of all time - Statistics

General Stats
  • This quiz has been taken 67 times
  • The average score is 7 of 15
Answer Stats
Hint Answer % Correct
PF Dirk Nowitzki
100%
PG Luka Doncic
98%
PG Jason Kidd
87%
PG Steve Nash
67%
PG Jason Terry
60%
C Tyson Chandler
56%
SF Mark Aguirre
44%
SF Michael Finley
41%
PG Derek Harper
35%
C James Donaldson
32%
PG J.J. Barea
32%
SF Jamal Mashburn
21%
PG Jalen Brunson
16%
PG Brad Davis
5%
SG Rolando Blackmon
5%
No matching quizzes found
Score Distribution
Percent of People with Each Score
Percentile by Number Answered
Your Score History
You have not taken this quiz